Angels and demons
Saved in:
| Main Author: | |
|---|---|
| Format: | Book |
| Language: | English |
| Published: |
London :
Corgi Books,
2001, c2000.
|
| Subjects: | |
| Tags: |
Add Tag
No Tags, Be the first to tag this record!
|
MARC
| LEADER | 00000cam a2200000 a 4500 | ||
|---|---|---|---|
| 001 | 1/111228 | ||
| 008 | 160701t20012000enk| ||| |||| ||eng|| | ||
| 020 | |a 9780552150736 |q (χαρτόδετο) | ||
| 040 | |a GR-MyUa |b gre |c GR-MyUa |e AACR2 | ||
| 041 | 0 | |a eng | |
| 082 | 7 | |a 813 |2 (23) | |
| 100 | 1 | |a Brown, Dan, |d 1964- | |
| 245 | 1 | 0 | |a Angels and demons / |c Dan Brown. |
| 260 | |a London : |b Corgi Books, |c 2001, c2000. | ||
| 300 | |a 620 σ. ; |c 18 εκ. | ||
| 651 | 0 | |a Vatican City |v Fiction. | |
| 767 | 0 | 8 | |i Μεταφρασμένο ως: |t Illuminati : |
| 852 | |a INST |b SAMOS |e 20160701 |h 813 BRO |p 005300043649 |q 005300043649 |t BK |y 0 | ||
| 920 | |a Φοιτητές ΣΘΕ |y Σάμος |z 2016-06 | ||
| 970 | |a Γουβάλα |b Βάσω |z 01/07/2016 | ||